[Event "MPL National Senior Chess-ch 2022"]
[Site "Kanpur"]
[Date "2022.02.28"]
[Round "6.1"]
[White "Erigaisi Arjun"]
[Black "Gupta, Abhijeet"]
[Result "1-0"]
[WhiteElo "2633"]
[BlackElo "2628"]
[Annotator "TA"]
[PlyCount "91"]
[EventDate "2022.02.25"]
[EventCountry "IND"]
[SourceTitle "playchess.com"]
[Source "ChessBase"]
[SourceQuality "1"]

{[%evp 14,91,29,29,25,22,23,22,23,23,19,30,12,26,23,12,15,10,0,8,2,16,18,9,24,30,19,28,28,13,13,0,0,0,30,31,197,211,266,6,8,8,8,3,8,8,8,8,8,8,10,8,18,27,58,0,0,3,6,0,8,8,7,7,7,8,18,0,88,88,224,230,405,397,560,534,2637,2210,2362,2337]} 1. e4 e5 2. Nf3 Nc6 3. Bc4 Nf6 4. Ng5 d5 5. exd5 Na5 6. Bb5+ c6 7. dxc6 bxc6 8. Bd3 Nd5 {C58: Two Knights: 4 Ng5 d5 5 exd5 Na5 sidelines.} 9. Nf3 (9. Qh5 g6 10. Nxf7 gxh5 $17) 9... Bd6 10. O-O O-O {The position is equal.} 11. Re1 f5 {now supersedes 11...Re8.} 12. Nxe5 Qf6 $1 (12... Qh4 13. Nc3 $18) 13. Nf3 g5 $1 14. c4 (14. g3 $5 {[%cal Rb1c3]}) 14... Nf4 15. Bf1 g4 16. d4 gxf3 17. Qxf3 Ne6 (17... Qxd4 18. Rd1 Nh3+ 19. gxh3 $16) 18. Qc3 Nxd4 19. c5 Bc7 20. b4 Rb8 $1 {[%cal Ob8b4] [#] ...Rxb4! is the strong threat.} 21. bxa5 $146 {[%cal Oc1g5] aiming for Bg5!} ({Predecessor:} 21. Bb2 Rd8 22. Nd2 Qh6 23. h3 Qf4 24. Qg3+ Qxg3 25. fxg3 Rxb4 26. Bc3 Rb8 27. Re7 {1-0 (42) Melkumyan,H (2663)-Krysa,L (2531) Chess.com INT 2020}) 21... Be6 22. Bc4 Bxc4 23. Qxc4+ Rf7 {Hoping for ...Qh4.} 24. Nd2 $1 Rd8 $2 (24... Qh4 $14 25. h3 (25. Kf1 Bxh2 26. Rb1 Rxb1 $11) 25... Qf4) 25. Bb2 $18 Qh4 26. Bxd4 $2 ({White has to play} 26. Kf1 $18) 26... Rxd4 $11 27. g3 Rxc4 28. gxh4 Rxc5 29. Nb3 Rc4 {[%cal Bc5c4,Bc4g4,Bg4g1][%mdl 32]} 30. Rac1 Rg4+ 31. Kf1 Bxh2 32. Re8+ ({But not} 32. Rxc6 $2 Rg1+ 33. Ke2 Re7+ 34. Kf3 Rgxe1 $19) 32... Kg7 33. Rxc6 f4 34. f3 (34. h5 $14 Rg1+ 35. Ke2 f3+ 36. Kd3 Rd1+ 37. Kc4) 34... Rg1+ 35. Kf2 Rb1 36. Re2 Bg1+ 37. Kg2 Be3 38. Nc5 $36 {[%mdl 2048] Black must now prevent Ne6+. White is pushing.} Rf6 39. Rc7+ Kg8 40. Ne4 Rg6+ {[#]} (40... Rh6 $11 {remains equal.}) 41. Kh2 $1 $16 Kf8 (41... Bg1+ $16 42. Kh3 Be3) 42. Rxh7 $18 {Strongly threatening Rc2. Dancing on a razor blade.} Rgg1 $2 (42... Kg8 43. Rh5 Rgg1 44. Rg5+ Rxg5 45. hxg5 Kf7) 43. Kh3 Rbf1 (43... Kg8 $142) 44. Rc2 {[%cal Rc2c8] White is clearly winning.} Rxf3+ 45. Kh2 {[%cal Rc2c8]} Rc1 {[#]} 46. Rb2 $1 {Weighted Error Value: White=0.13 (very precise) /Black=0.28 (precise)} ({Not} 46. Rxc1 Bxc1 47. Rxa7 Ra3 48. Ra8+ Kg7 $16) 1-0

[Event "MPL National Senior Chess-ch 2022"]
[Site "Kanpur"]
[Date "2022.02.28"]
[Round "6.2"]
[White "Koustav Chatterjee"]
[Black "Gukesh D"]
[Result "0-1"]
[WhiteElo "2466"]
[BlackElo "2614"]
[Annotator "TA"]
[PlyCount "122"]
[EventDate "2022.02.25"]
[EventCountry "IND"]
[SourceTitle "playchess.com"]
[Source "ChessBase"]
[SourceQuality "1"]

{[%evp 17,122,0,0,0,0,0,5,0,35,16,8,-10,-7,-18,-15,-10,-4,-25,-19,-15,-13,-15,0,0,-4,-8,0,0,0,-17,-9,-12,-10,-17,-23,-55,-50,-63,-68,-62,-68,-73,-29,-68,-41,-20,-9,-7,-4,-4,-5,-5,-5,-24,-20,-37,0,0,14,5,5,7,1,8,8,0,0,0,0,0,0,-111,-102,-94,-11,-5,0,-82,-91,-102,0,0,0,-104,-114,-71,-83,-311,-293,-288,-298,-291,-287,-294,-168,-189,-116,-125,-127,-1022,-913,-1145,-1002,-912,-884,-29973,-1215]} 1. e4 c5 2. Nf3 Nc6 3. Bb5 g6 4. O-O Bg7 5. c3 Nf6 6. Re1 O-O 7. d4 d5 8. e5 Ne4 9. Bxc6 bxc6 10. Be3 {is currently scoring better than 10.Nbd2. B31: Sicilian: 2...Nc6 3 Bb5 g6.} cxd4 11. cxd4 f6 12. Qc1 {The position is equal.} Rb8 13. exf6 exf6 {[#]} 14. Qxc6 $146 ({Predecessor:} 14. Nbd2 Bf5 15. Qxc6 Rxb2 16. Nb3 Ng5 17. Nxg5 fxg5 18. Rec1 Qf6 19. Qxd5+ Qe6 20. Qxe6+ Bxe6 {½-½ (43) Perez Gormaz,M (2413)-Kotronias,V (2517) Banja Vrujci 2021}) 14... Rxb2 15. Nbd2 Rb6 16. Qc2 g5 17. Nb3 (17. Nxe4 dxe4 18. Nd2 f5 $15) 17... Nd6 18. Nc5 Qc7 19. Qa4 Nf5 20. Nd2 Qf7 21. f3 Rd8 22. Bf2 Bf8 23. Ndb3 Bd6 24. Re2 h5 25. Rae1 Ng7 {To avoid Re8+} 26. Na5 {Pair of Knights!} (26. Nc1 {keeps more tension.} h4 27. a3 Rf8 28. N1d3 Nh5 29. Re8) 26... Bd7 {Inhibits Nc6.} 27. Nxd7 Qxd7 28. Qxd7 Rxd7 29. Nb3 Rc6 (29... Kf7 $17) 30. g4 h4 31. Nc5 Bxc5 32. dxc5 Kf7 33. Rd1 Ne6 {White should prevent ...d4.} 34. Red2 {Inhibits d4.} Ra6 (34... Nxc5 $2 35. Rc2 $18) 35. Be3 Ra3 36. Kf2 a5 {[%cal Od5d4]} (36... d4 $5 37. Bxd4 Nxd4 38. Rxd4 Rxa2+ 39. Ke3 (39. Kg1 Rc7 $17) 39... Re7+ 40. Re4 Ra3+ 41. Ke2 (41. Rd3 $2 Rxd3+ 42. Kxd3 Rxe4 $19) 41... Rxe4+ 42. fxe4 Rc3 $15) 37. c6 Rc7 38. Rc2 ({Inferior is} 38. Rxd5 Rxc6 39. Rd7+ Kg6 $17) 38... Nd8 39. Rdc1 Ne6 40. Bb6 Rc8 41. Rd1 Nf4 42. c7 Ke8 43. Rcd2 {Black must now prevent Rxd5.} Kd7 44. Bd4 (44. Rb1 $11 {remains equal.}) 44... Rxc7 $17 45. Bxf6 {[#]} Nh3+ ({Black should play} 45... Ke6 $1 $17 {[%cal Re6f6]} 46. Ba1 Rc4 47. Re1+ Kf7) 46. Kg2 $11 Nf4+ 47. Kf2 {[#]} (47. Kh1 $11) 47... Ke6 $1 $17 48. Bd4 Nh3+ 49. Kg2 Nf4+ 50. Kf2 Rc4 {Black is more active.} 51. Re1+ Kd7 {The board is on fire.} 52. Re3 {[#] Inhibits Nd3+.} (52. Red1 $17 {was the only chance.}) 52... Rxd4 $1 $19 {[%mdl 512]} 53. Rxd4 Rxa2+ {[%mdl 4096] Endgame KRR-KRN} 54. Kf1 (54. Kg1 Kd6 55. Rd1 a4 $17) 54... Kd6 {Threatens to win with ...h3.} ({Stronger than} 54... Rxh2 55. Re5 $15) 55. Re8 Kc5 ({Worse is} 55... Rxh2 56. Ra4 $11) (55... h3 $142 56. Rh8 Ke5) 56. Rd1 Rxh2 57. Rc8+ Kd6 {( -> ...Rh1+)} 58. Rd4 $2 {[%mdl 8192]} (58. Kg1 $17 Ra2 59. Kh1) 58... Ra2 59. Rd8+ Kc5 60. Rd1 h3 {...h2 is the strong threat.} 61. Kg1 Ne2+ {Weighted Error Value: White=0.49/Black=0.11 (very precise)} (61... Rg2+ $142 62. Kh1 Ne2 63. R1xd5+ Kc4 64. Rd4+ Nxd4 65. Rh8 a4 66. Rxh3 Rd2 67. f4 gxf4 68. g5 f3 69. Rh8 a3 70. Rc8+ Kd5 71. Rg8 a2 72. Ra8 Ke4 73. g6 Nf5 74. Ra4+ Ke5 75. Ra5+ Kf4 76. Rxa2 Ng3+ 77. Kg1 Rxa2 78. g7 Rg2#) 0-1

[Event "MPL National Senior Chess-ch 2022"]
[Site "Kanpur"]
[Date "2022.02.28"]
[Round "6.3"]
[White "Lalith Babu M R"]
[Black "Adhiban, B.."]
[Result "1/2-1/2"]
[WhiteElo "2563"]
[BlackElo "2648"]
[Annotator "TA"]
[PlyCount "60"]
[EventDate "2022.02.25"]
[EventCountry "IND"]
[SourceTitle "playchess.com"]
[Source "ChessBase"]
[SourceQuality "1"]

{[%evp 9,60,13,19,24,10,18,22,0,0,0,0,0,3,0,0,-14,0,0,-2,-5,0,0,0,-14,0,-18,-19,-19,-2,-41,0,-16,-15,-12,-16,-7,0,0,0,0,8,0,0,0,0,0,0,0,0,0,0,0,0]} 1. d4 Nf6 2. c4 e6 3. Nf3 d5 4. Nc3 dxc4 5. Qa4+ Nc6 6. Qxc4 {D23: Queen's Gambit Accepted: 3 Nf3 Nf6 sidelines.} Nb4 {[#] White must now prevent ...Nc2+.} 7. Qb3 {Prevents Nc2+.} c5 8. a3 (8. dxc5 {is more complex.} Bxc5 9. a3 Nbd5 10. Qb5+ Nd7 11. Nxd5 exd5 12. e3) 8... cxd4 9. axb4 {Nb5 is the strong threat.} dxc3 10. bxc3 {[#]} Bd6 $146 ({Predecessor:} 10... a5 11. e3 Bd7 12. Ne5 axb4 13. Rxa8 Qxa8 14. Nxd7 Nxd7 15. Bb5 Bd6 16. cxb4 Qa1 {0-1 (48) Petran,P (2369)-Horvath,A (2503) Hungary 2004}) 11. Bg5 O-O 12. e3 b6 13. Be2 Bb7 14. O-O Qc7 15. Bxf6 gxf6 16. g3 Rfc8 17. Rfc1 a5 18. bxa5 bxa5 19. Ra4 f5 (19... Bb4 $5) 20. Nd4 $1 {[%cal Od4e6] The position is equal.} Be5 21. Bf3 Bxf3 22. Nxf3 Bf6 ({Don't play} 22... Bxc3 23. Ra3 $16) 23. Nd4 Kh8 24. Qa2 Qd8 25. Nb5 Qb6 26. c4 Rd8 27. Qe2 Qc5 28. Qe1 Qb6 29. Qe2 Qc5 30. Qe1 Qb6 {An interesting draw.  Weighted Error Value: White=0.05 (flawless) /Black=0.04 (flawless)} 1/2-1/2

[Event "MPL National Senior Chess-ch 2022"]
[Site "Kanpur"]
[Date "2022.02.28"]
[Round "6.4"]
[White "Aravindh, Chithambaram VR."]
[Black "Aronyak Ghosh"]
[Result "1-0"]
[WhiteElo "2611"]
[BlackElo "2482"]
[Annotator "TA"]
[PlyCount "61"]
[EventDate "2022.02.25"]
[EventCountry "IND"]
[SourceTitle "playchess.com"]
[Source "ChessBase"]
[SourceQuality "1"]

{[%evp 11,61,-12,-10,-43,-45,-47,0,0,0,0,0,-30,0,0,56,15,47,44,48,51,55,54,80,60,62,64,65,72,88,65,80,81,79,94,73,49,53,43,37,43,278,257,521,443,1050,988,29982,29983,29983,29984,29979,29978]} 1. e4 c5 2. Nf3 d6 3. d4 Nf6 4. Nc3 cxd4 5. Nxd4 a6 6. Rg1 b5 {[%cal Bb7b5,Bb5b4][%mdl 32]} 7. a4 {B90: Sicilian Najdorf: Unusual White 6th moves, 6 Be3 Ng4 and 6 Be3 e5.} b4 8. Nd5 e6 (8... Nxe4 {looks sharper.} 9. Qf3 Nc5 10. Nb3 Ra7 11. Bf4 Nbd7) 9. Nxf6+ {The position is equal.} Qxf6 10. Be3 {[%cal Bc1e3,Be3f4,Bf4d6,Bd6e7][%mdl 32]} Bb7 11. Qd2 {[#]} Nd7 $146 ({Predecessor:} 11... Bxe4 12. f3 Bb7 13. Qxb4 Qe7 14. Qb6 Qd7 15. O-O-O Qc8 16. Nb3 Nc6 17. Bd4 e5 {1-0 (76) Nepomniachtchi,I (2784)-Giri,A (2764) chess24.com INT 2020}) 12. O-O-O Be7 ({Black should try} 12... Bxe4 $11 13. Be2 (13. Qxb4 Be7 $15) 13... Qd8) 13. g4 (13. f3 $14) 13... Qe5 14. Bf4 $1 (14. Qxb4 Bxe4 15. Qc3 Qc5 $11) 14... Qa5 (14... Qxe4 $2 15. Bg2 Qxg2 16. Rxg2 Bxg2 17. f3 $18) 15. Nb3 Qxa4 16. Bxd6 Rc8 17. Bxe7 Bxe4 {[#]} 18. Bd3 Bxd3 19. Qxd3 Kxe7 20. Qd6+ Ke8 21. Kb1 {Nd4 is the strong threat.} Qc6 22. Qxb4 {White is more active.} Qxc2+ {[#]} 23. Ka2 $1 {Strongly threatening Rc1.} Qc4 24. Qa3 {[%mdl 1024] aiming for Rc1. White has compensation.} Qb5 $1 25. Rc1 $1 {[%cal Rc1c8]} Rb8 {Loses the game.} ({Black should play} 25... Nb6 $1 $14) 26. Rgd1 $18 ({Weaker is} 26. Rc7 Qd5 27. f4 (27. Rgc1 f5 $16) 27... a5 $16) 26... a5 $2 (26... Qxb3+ {keeps fighting.} 27. Qxb3 Rxb3) 27. Rc7 {Hoping for Nd4.} a4 {[#]} (27... Rd8 $142 28. Nxa5 Ra8) 28. Na5 $1 {[%mdl 512]} Rd8 (28... g6 29. Kb1) 29. Nc6 {[%csl Gc6][%cal Ra3e7] White mates.} Qb3+ 30. Qxb3 axb3+ 31. Kb1 {Weighted Error Value: White=0.03 (flawless) /Black=0.69} 1-0

[Event "MPL National Senior Chess-ch 2022"]
[Site "Kanpur"]
[Date "2022.02.28"]
[Round "6.5"]
[White "Ravi, Teja S."]
[Black "Aryan Chopra"]
[Result "0-1"]
[WhiteElo "2469"]
[BlackElo "2585"]
[Annotator "TA"]
[PlyCount "86"]
[EventDate "2022.02.25"]
[EventCountry "IND"]
[SourceTitle "playchess.com"]
[Source "ChessBase"]
[SourceQuality "1"]

{[%evp 18,86,29,11,11,15,10,11,10,-94,-97,-191,-200,-240,-268,-258,-243,-238,-220,-239,-148,-146,-133,-208,-133,-133,-133,-140,-135,-138,-131,-150,-117,-167,-160,-166,-167,-169,-110,-119,-58,-64,-76,-95,0,0,0,-9,0,0,0,-18,0,-15,0,0,0,-107,-131,-591,-541,-1371,-1245,-12845,-12846,-29991,-12845,-29993,-29994,-29996,-29996]} 1. d4 Nf6 2. Nf3 g6 3. g3 Bg7 4. Bg2 O-O 5. O-O d6 {[%cal Bd7d6,Bd6c5][%mdl 32]} 6. c4 c5 7. dxc5 dxc5 8. Nc3 Nc6 9. Be3 Be6 10. Ng5 {10.Bxc5 is setting a new trend.} Qxd1 {E65: King's Indian: Fianchetto: 6...c5 7 0-0 without d5 by White.} 11. Rfxd1 Bxc4 12. Bxc5 Rfd8 $5 {[%mdl 4] [#] The position is equal. An interesting side line.} 13. b3 $146 (13. Bxc6 $11 bxc6 14. Bxe7) ({Predecessor:} 13. Bxc6 bxc6 14. Bxe7 Rxd1+ 15. Rxd1 Nd5 16. Nxd5 Bxd5 17. b3 f5 18. Nh3 Re8 19. Bc5 Rxe2 {½-½ (33) Henriquez Villagra,C (2491)-Grigoryan,K (2536) Barbera del Valles 2016}) 13... Nd7 $17 14. bxc4 (14. Bxc6 $17 Nxc5 15. Nge4) 14... Bxc3 $19 (14... Nxc5 15. Rdc1 $17) 15. Rac1 Nxc5 16. Rxd8+ Rxd8 17. Rxc3 Rd1+ 18. Bf1 Nd4 {Prevents Rc2. Strongly threatening ...Nxe2+. Pair of Knights!} 19. Re3 f6 20. Nf3 (20. Ne4 $17 {keeps fighting.} Nxe4 21. Rxe4) 20... Nxf3+ 21. exf3 {[%mdl 4096] Endgame KRB-KRN} e5 22. Kg2 Kf7 23. h4 Rd2 24. a3 a5 {[%cal Ba7a5,Ba5a4][%mdl 32] Black is more active.} 25. Be2 (25. Re2 $17 {was worth a try.} Nb3 26. g4) 25... a4 26. h5 g5 (26... gxh5 27. f4 $17) 27. Kf1 Ra2 (27... h6 $19 28. Kg2 b6) 28. Bd3 $17 Kg7 ({Much less strong is} 28... Rxa3 29. Bg6+ $1 hxg6 30. hxg6+ Kxg6 31. Rxa3 $16) (28... h6 $17 29. Bf5 Ke7) 29. Bf5 $15 Ra1+ 30. Kg2 {[%cal Of3f4]} Rc1 ({Black should play} 30... Kh6 $1 $17) 31. f4 $11 gxf4 32. gxf4 exf4 33. Re7+ Kh6 34. Rxh7+ Kg5 35. Rc7 Rxc4 ({Resist} 35... Kxf5 36. Rxc5+ Ke6 37. Rc7 (37. h6 f3+ 38. Kg3 Rh1 $16) 37... f3+ 38. Kxf3 Rc3+ 39. Ke4 $16) 36. Bg6 Rc3 {[%cal Oc5e4]} 37. Be8 {[#]} (37. Rg7 $11) 37... Ne4 $1 $17 38. Rxb7 $2 {[%mdl 8192] Loses the game.} (38. Rxc3 $17 {is a better chance.} Nxc3 39. Kf3) 38... f3+ $19 39. Kh2 Nxf2 40. Rg7+ Kf4 {( -> ...Rc1)} 41. Bd7 f5 (41... Rc1 $142 42. Rg1 Rc2 43. Rg2 {[#]} Ng4+ $1 {[%mdl 512]} 44. Bxg4 Rxg2+ 45. Kh1 Rxg4 46. Kh2 f2 47. h6 f1=Q 48. h7 Rh4#) 42. Bb5 Ng4+ 43. Kh3 Rc1 {Weighted Error Value: White=1.15/Black=0.27 (precise)} 0-1

[Event "MPL National Senior Chess-ch 2022"]
[Site "Kanpur"]
[Date "2022.02.28"]
[Round "6.6"]
[White "Sengupta, Deep"]
[Black "Das, Sayantan"]
[Result "1/2-1/2"]
[WhiteElo "2528"]
[BlackElo "2459"]
[Annotator "TA"]
[PlyCount "120"]
[EventDate "2022.02.25"]
[EventCountry "IND"]
[SourceTitle "playchess.com"]
[Source "ChessBase"]
[SourceQuality "1"]

{[%evp 12,120,37,37,30,25,36,16,55,13,19,18,26,21,16,14,27,10,20,-25,-4,-13,-13,-23,0,0,0,-15,-26,-27,-26,-32,-16,-29,-18,-30,-8,-22,-16,-56,-42,-50,-32,-64,-67,-60,-68,-68,-66,-66,-72,-72,-52,-51,-52,-60,-56,-58,-66,-64,-50,-53,-52,-41,-32,-64,-62,-57,0,0,0,0,0,0,0,0,0,0,0,-43,-33,-39,-38,-48,-29,-45,-2,-2,-1,-13,-10,-32,-34,-32,-38,-68,0,0,0,0,0,0,12,0,0,0,0,0,0,0,0]} 1. e4 d6 2. d4 Nf6 3. Nc3 e5 4. dxe5 dxe5 5. Qxd8+ Kxd8 6. Bc4 Bb4 {Recently 6...Ke8 got a lot of attention.} 7. Bd2 Ke7 {B07: Pirc Defence: Miscellaneous Systems.} 8. a3 Bd6 9. Nge2 (9. O-O-O {looks sharper.} Nbd7 10. Nge2 Nb6 11. Bb3 Be6 12. f3) 9... Be6 {[#]} 10. Nd5+ $146 (10. Bxe6 $14 fxe6 11. Be3) ({Predecessor:} 10. Bxe6 fxe6 11. f3 c6 12. Nd1 Nbd7 13. a4 b5 14. b3 a6 15. Nb2 Rhc8 16. Nc3 {1-0 (57) Klauser,M (2394)-Le Floch,S (2216) Biel 2008}) 10... Nxd5 $11 11. exd5 Bf5 12. O-O-O Nd7 13. Ng3 Bg6 14. Rhe1 a6 15. Bb3 (15. h4 {is more appropriate.} h5 16. Ne4) 15... f6 16. h4 (16. f4 $5) 16... h5 17. f4 Rhe8 18. f5 Bf7 19. Be3 b5 20. Ne4 g6 21. Ng3 Rg8 22. Rf1 a5 23. Rf3 Rab8 {[%cal Ba8b8,Bb8b4,Bb4h4][%mdl 32]} 24. Ba2 Ke8 (24... b4 {is interesting.} 25. a4 e4 26. Nxe4 gxf5 27. Nxd6 cxd6 28. Rd2 Rg4) 25. Rd2 b4 26. a4 b3 27. Bxb3 Rb4 {To avoid Bc4} 28. fxg6 Bxg6 29. Nf5 Bxf5 30. Rxf5 Rxh4 31. c3 Rg3 32. Bf2 Rh1+ 33. Bd1 Rxg2 34. Rxh5 Rxh5 35. Bxh5+ Ke7 36. Bf3 Rh2 {[%cal Oe5e4]} 37. Be4 Rh5 $1 38. Bf3 Rf5 39. Bd1 e4 (39... Nb6 $15) 40. Re2 Rf4 41. b4 axb4 42. cxb4 Bxb4 43. Bg3 Rg4 44. Re3 {To avoid Ba3+} Bc5 45. Rc3 (45. Kc2 $11) 45... Rg5 $15 46. Bxc7 Rxd5 47. Bb3 Rh5 {[%cal Od7e5]} 48. Rg3 Rh7 (48... Ne5 $15 49. Rg7+ Ke8 50. Bxe5 Rxe5) 49. Bg8 $1 $11 {A strong pair of Bishops.} Rh1+ 50. Kc2 $1 e3 {[#] aiming for ...e2.} 51. Bc4 Rh2+ 52. Kd1 {Rg7+ is the strong threat.} Rd2+ 53. Ke1 f5 ({Black should play} 53... Rc2 $15 54. Rg7+ Ke8) 54. Bf4 {The position is equal.} Rd4 55. Rxe3+ Kf6 (55... Kd8 $5 56. Bg5+ Kc7 $11) 56. Re6+ Kf7 57. Re4+ Kf6 58. Rxd4 Bxd4 59. Bb5 Nc5 60. Ke2 Nxa4 {Weighted Error Value: White=0.08 (flawless) /Black=0.08 (flawless)} 1/2-1/2

[Event "MPL National Senior Chess-ch 2022"]
[Site "Kanpur"]
[Date "2022.02.28"]
[Round "6.7"]
[White "Shreyansh Daklia"]
[Black "Iniyan, P."]
[Result "0-1"]
[WhiteElo "2128"]
[BlackElo "2516"]
[Annotator "TA"]
[PlyCount "78"]
[EventDate "2022.02.25"]
[EventCountry "IND"]
[SourceTitle "playchess.com"]
[Source "ChessBase"]
[SourceQuality "1"]

{[%evp 25,78,0,0,0,0,0,0,-56,0,-8,0,-50,0,0,41,-55,-18,-26,-27,-15,-17,-56,-12,-49,20,16,12,0,0,6,10,0,16,0,0,-237,-241,-243,-221,-316,-310,-329,-281,-289,-213,-206,-211,-252,-252,-261,-252,-254,-247,-354,-334]} 1. Nf3 Nf6 2. b3 d5 3. g3 Bf5 4. Bg2 h6 5. O-O e6 6. Bb2 Nbd7 7. c4 c6 8. d3 Bh7 9. Nbd2 Bc5 10. Qc2 O-O 11. a3 a5 12. Bc3 Qe7 13. Qb2 Bd6 14. Ne5 {A12: English Opening: 1...c6 with b3 by White.} Nc5 15. Qc2 {[#]} Rfc8 $146 ({Predecessor:} 15... Nfd7 16. Nxd7 Nxd7 17. Qb2 f6 18. b4 axb4 19. axb4 b5 20. c5 Bc7 21. e4 dxe4 22. dxe4 {1-0 (42) Gollain,M (2285)-Payen,A (2340) Bagneux 1993}) 16. h3 (16. b4 $11 axb4 17. axb4) 16... Na6 (16... b5 $15) 17. Qb2 $11 Nc5 (17... Bc7 $11 {should be considered.}) 18. Qc2 $15 Na6 ({Black should try} 18... b5 $15) 19. Qb2 $11 c5 (19... Nc5 $11) 20. d4 (20. Ng4 $1 $14 Nxg4 21. hxg4) 20... cxd4 (20... a4 $5) 21. Bxd4 b5 22. Rfc1 (22. cxb5 Rc2 $1 23. Qxc2 (23. Nc6 $2 Qb7 $19) 23... Bxc2 $17) 22... bxc4 23. bxc4 Rab8 (23... Nc5 $15) 24. Qa2 {[%cal Rc4d5]} (24. cxd5 $5 exd5 25. Rxc8+ Rxc8 26. Nef3 $11) 24... Bc5 (24... Nc5 $1 $15) 25. e3 {[%cal Rc4d5]} Be4 26. cxd5 Bxg2 27. Kxg2 {Nc6 is the strong threat.} Nxd5 28. Rab1 {aiming for Bxc5.} ({But not} 28. Qc4 Qb7 29. e4 {[#]} Bxa3 $1 30. Rxa3 Rxc4 31. Nexc4 Ndb4 $17) 28... Ra8 29. Bxc5 Rxc5 30. Ne4 {[#] Inhibits Nc3.} (30. Qb2 $11) 30... Nxe3+ $1 $19 {[%mdl 512]} 31. fxe3 Rxe5 32. Qc4 (32. Nf2 $142) 32... Qxa3 33. Rc3 Qe7 34. Qc6 Qe8 35. Qxe8+ Rxe8 36. Nd6 Rd8 37. Rb6 Nc5 {White must now prevent ...Na4.} 38. Ra3 {To avoid Na4} a4 39. Kf3 (39. Nc4 $142 Rg5 40. h4) 39... Rd5 {Weighted Error Value: White=0.41/Black=0.21 (precise)} 0-1

[Event "MPL National Senior Chess-ch 2022"]
[Site "Kanpur"]
[Date "2022.02.28"]
[Round "6.8"]
[White "Mitrabha, Guha"]
[Black "Vignesh N R"]
[Result "1-0"]
[WhiteElo "2510"]
[BlackElo "2444"]
[Annotator "TA"]
[PlyCount "121"]
[EventDate "2022.02.25"]
[EventCountry "IND"]
[SourceTitle "playchess.com"]
[Source "ChessBase"]
[SourceQuality "1"]

{[%evp 16,121,-12,-18,-14,-32,-31,-31,-31,-21,-27,-22,-29,-33,0,-7,0,-4,14,16,52,37,96,13,16,0,0,0,0,0,0,0,0,0,0,0,0,0,0,0,0,0,8,0,0,0,0,0,9,0,23,0,41,35,47,36,32,44,56,20,21,20,20,24,24,16,24,24,25,23,31,0,0,0,0,0,0,0,0,0,0,0,0,0,503,994,998,954,2953,2469,12833,12833,12833,12834,12841,12841,12841,12841,12843,12843,12844,12843,12845,12846,12846,12847,12847,12847]} 1. Nf3 d5 2. c4 e6 3. b3 d4 4. e3 c5 5. exd4 cxd4 6. g3 Nc6 7. Bg2 Nf6 8. O-O Bd6 9. d3 O-O {A13: English Opening: 1...e6.} 10. Bg5 h6 11. Bxf6 Qxf6 {Black is slightly better.} 12. Nbd2 {[%cal Bb1d2,Bd2e4,Be4d6][%mdl 32]} Qe7 13. Ne1 e5 14. Nc2 Nb4 15. Ne4 Nxc2 16. Qxc2 Bb4 17. c5 Bf5 18. Nd6 $1 Bg6 {[#]} (18... Bg4 $14) 19. Bxb7 $146 {White is more active.} (19. Qc4 $1 $16 {[%cal Rc4b4]} Bc3 20. Rac1 (20. Bxb7 Rab8 $11)) ({Predecessor:} 19. Qc4 Bc3 20. Rac1 Rad8 21. Nxb7 Rb8 22. c6 Rfc8 23. h3 e4 24. dxe4 Qf6 25. f4 Rxc6 {1-0 (40) Wahls,M (2561)-Handke,F (2427) Hamburg 2002}) 19... Rad8 $11 {aiming for ...Rxd6.} 20. Be4 {Strongly threatening Bxg6.} Bxc5 $1 21. Qxc5 Qxd6 22. Qxd6 Rxd6 23. Bxg6 Rxg6 {[%mdl 4096] Endgame KRR-KRR} 24. Rfe1 Re8 25. Rac1 {[%cal Of2f4]} Ra6 26. Re2 f6 27. Rc7 Kf8 28. Kg2 Re7 29. Rc8+ Kf7 30. Kf3 f5 31. Rec2 Rd6 32. Ke2 h5 33. h4 g6 (33... Ra6 $11) 34. R2c6 $14 Rxc6 35. Rxc6 {KR-KR} Re6 $1 36. Rc7+ Re7 37. Rc4 Re6 38. Kd2 Ra6 39. a4 Ke6 40. f4 Kd5 41. fxe5 Rb6 42. b4 Kxe5 43. Kc2 {Threatens to win with Rc5+.} f4 $1 44. gxf4+ Kxf4 45. Rxd4+ Kg3 $1 46. a5 Rb7 47. Kc3 g5 48. hxg5 {Rd8 is the strong threat.} h4 49. Rd6 {And now Rh6 would win.} h3 $2 {[%mdl 8192]} (49... Rc7+ $11 50. Kd4 Rg7) 50. Rh6 $18 {White is clearly winning.} h2 51. d4 {[%cal Bd3d4,Bd4d5,Bd5d6,Bd6d7][%mdl 32]} Kg2 52. d5 $1 h1=Q 53. Rxh1 Kxh1 {[#] KR-KP} 54. Kc4 $1 Kg2 55. d6 a6 56. g6 ({Inferior is} 56. b5 axb5+ 57. Kc5 Rg7 $11) 56... Kf3 57. Kd5 ({Weaker is} 57. b5 axb5+ 58. Kc5 Rg7 $11) 57... Rg7 58. Ke5 ({Stronger than} 58. b5 axb5 59. Kc5 b4 60. Kxb4 Kf4 $11) 58... Rxg6 {[#]} 59. d7 $1 Rg8 60. Kd6 Ke4 61. Kc7 {Weighted Error Value: White=0.08 (flawless) /Black=0.25 (precise)} 1-0